书目信息 |
| 题名: |
世界著名自然保护区
|
|
| 作者: | 徐斌 , 党振发 著 | |
| 分册: | ||
| 出版信息: | 长春 长春出版社 2009 |
|
| 页数: | 193页 | |
| 开本: | 24cm | |
| 丛书名: | ||
| 单 册: | ||
| 中图分类: | S759.991 | |
| 科图分类: | ||
| 主题词: | 自然保护区--简介--世界 , 自然保护区 | |
| 电子资源: | ||
| ISBN: | 978-7-5445-0449-2 | |
| 000 | 00841nam0 2200277 45 | |
| 001 | 1050830109 | |
| 005 | 20100420094033.45 | |
| 010 | @a978-7-5445-0449-2@dCNY29.80 | |
| 100 | @a20100409d2009 em y0chiy50 ea | |
| 101 | 0 | @achi |
| 102 | @aCN@b220000 | |
| 105 | @aa z 000yy | |
| 106 | @ar | |
| 200 | 1 | @a世界著名自然保护区@AShi Jie Zhu Ming Zi Ran Bao Hu Qu@dNature reserves of the world@f徐斌,党振发著@FXu Bin, Dang Zhen Fa Zhu@zeng |
| 205 | @a2版 | |
| 210 | @a长春@c长春出版社@d2009 | |
| 215 | @a193页@c图@d24cm | |
| 300 | @a世界自然地理 | |
| 510 | 1 | @aNature reserves of the world@zeng |
| 606 | 0 | @a自然保护区@x简介@y世界 |
| 606 | 0 | @a自然保护区 |
| 690 | @aS759.991@v4 | |
| 701 | 0 | @a徐斌@AXu Bin@4著 |
| 701 | 0 | @a党振发@ADang Zhen Fa@4著 |
| 801 | 0 | @aCN@bTANGWEI@c20100420 |
| 905 | @b0590880-81@dS759.991@e48=2@f2 | |
| 世界著名自然保护区=Nature reserves of the world/徐斌,党振发著.-2版.-长春:长春出版社,2009 |
| 193页:图;24cm |
| 世界自然地理 |
| ISBN 978-7-5445-0449-2:CNY29.80 |
| ● |
| 相关链接 |
|
|
|
|
正题名:世界著名自然保护区
索取号:S759.991/48=2
 
预约/预借
| 序号 | 登录号 | 条形码 | 馆藏地/架位号 | 状态 | 备注 |
| 1 | 0590880 | 205908801 | 第二样本阅览室/ [索取号:S759.991/48=2] | 在馆 | |
| 2 | 0590881 | 205908810 | 第三借阅区/ [索取号:S759.991/48=2] | 在馆 |